000 00728nam a2200229Ia 4500
003 OSt
005 20220918105516.0
006 a|||||r|||| 00| 0
007 ta
008 220915b |||||||| |||| 00| 0 hin d
024 _a209038
037 _cReference Collections
040 _aARTS
_cARTS
_bhin
041 _2hin
_ahin
082 _aP44:4k, K1(RR)
100 _aनरवाणे, विश्वनाथ दिनकर
_91811
245 0 _aभारतीय व्यवहार कोश
246 _aBhāratīya vyavahār kosha
260 _c1963
942 _hP44:4k, K1(RR)
_cREF
999 _c107690
_d107690